Astrologia (Registo nº 23933)
[ vista simples ]
| 000 -Etiqueta do registo | |
|---|---|
| Valores | 00726nam a22001931i 4500 |
| 090 ## - | |
| -- | 23933 |
| 010 ## - Número ISBN | |
| ISBN | 9789729743870 |
| 100 ## - Dados gerais de processamento | |
| Dados gerais | 20170304u u u0frey50 ba |
| 101 0# - Língua de publicação | |
| -- | por |
| 200 1# - Titulo e menção de responsabilidade | |
| Primeira menção de responsabilidade | Ana Vieira de Castro |
| Título próprio | Astrologia |
| Informação de outro título | descubra se o seu signo é compatível com o do seu filho |
| 215 ## - Descrição física | |
| Paginação / Volumes | vol. |
| Dimensões | 19 cm |
| 210 ## - Publicação | |
| Nome do editor | Pais & Filhos |
| Data de publicação | 2016 |
| 300 ## - Notas gerais | |
| Texto da nota | Este livro faz parte da edição da Pais & Filhos de fevereiro de 2016 |
| 327 ## - Nota de conteúdo | |
| Texto da nota | Vol.2: Como os astros influenciam relações e afinidades. - 191, [1] p. |
| 702 #1 - Autor secundário (pessoa individual) | |
| Apelido | Antunes |
| Nome | Carla |
| -- | 440 |
| 700 #1 - Autor principal (pessoa individual) | |
| Apelido | Castro |
| Nome | Ana Vieira de |
| -- | 070 |
| 996 ## - ISO2709 | |
| -- | 0035292 |
| -- | CAS |
| -- | 00000000 |
| -- | 00000000 |
| -- | BMVA |
| -- | 1 |
| -- | Viana do Alentejo |
| -- | Esoterismo |
| -- | 80 |
| -- | Livro |
| -- | 0 |
| -- | 1 |
| 990 ## - Elementos KOHA | |
| Tipo de documento | Livro |
| Situação do levantamento | Estado | Biblioteca de origem | Biblioteca de empréstimo | Código de barras | Cota | Permissão de empréstimo | Tipo de documento |
|---|---|---|---|---|---|---|---|
| Completo | Biblioteca Municipal de Viana Do Alentejo | Biblioteca Municipal de Viana Do Alentejo | 0030151 | 13 CAS | Disponível | Livro |